banner-ar

WHY THE MOHOLE ADVENTURES IN INNER SPACE: THE STORY OF MAN'S ATTEMPT TO PENETRATE THE INTERIOR OF THE EARTH / (Record no. 12122)

MARC details
000 -الفاتح
حقل البيانات ثابتة الطول 00521nam a2200169Ia 4500
008 - عناصر البيانات ثابتة الطول - معلومات عامة
حقل البيانات ثابتة الطول 140319s9999 xx 000 0 eng d
040 ## - مصدر الفهرسة
وكالة الفهرسة الأصلية GCL /
وكالة النسخ GCL
082 04 - رقم تصنيف ديوى العشرى
رقم التصنيف 551
رقم المادة C W
100 1# - المدخل الرئيسى - إسم شخصى
الإسم الشخصى CROMIE, WILLIAM J.
245 10 - بيان العنوان
العنوان WHY THE MOHOLE ADVENTURES IN INNER SPACE: THE STORY OF MAN'S ATTEMPT TO PENETRATE THE INTERIOR OF THE EARTH /
بيان المسئوليه,etc CROMIE, WILLIAM J.
260 ## - PUBLICATION, DISTRIBUTION, ETC. (IMPRINT)
تاريخ النشر أو التوزيع 1964
300 ## - الوصف المادى
التعداد 230 P
650 04 - المدخل الاضافى بالموضوع-مصطلح موضوعى
مصطلح موضوعي EARTH
650 04 - المدخل الاضافى بالموضوع-مصطلح موضوعى
مصطلح موضوعي EARTH, HISTORY
942 ## - عناصر المدخل الإضافي( كوها)
مصدر التصنيف او مخطط الترفيف Dewey Decimal Classification
Koha [default] item type كتاب
260 ## - PUBLICATION, DISTRIBUTION, ETC. (IMPRINT)
-- [S.N] :
-- WASHINGTON SQUARE PRES INC ،
Holdings
حالة التراجع حالة الفقد حالة تلف ليس للاعارة المكان المؤقت الموقع الحالى تاريخ الاكتساب اجمالي اﻻعارات رقم الطلب الباركود تاريخ اخر مشاهدة تاريخ تفعيل السعر نوع وعاء كوها
        مكتبة القاهرة الكبرى مكتبة القاهرة الكبرى 03/26/2014   551\C W 23705 03/26/2014 03/26/2014 كتاب

Powered By

EGPV